[Event "DEM U18 2022"]
[Site "Willingen GER"]
[Date "2022.06.10"]
[Round "8"]
[White "Bornholdt, Joa Max"]
[Black "Kallweit, Paul"]
[Result "1-0"]
[Termination "normal"]
[Board "11"]
[WhiteElo "2132"]
[BlackElo "1863"]
[WhiteClock "00:34:13"]
[BlackClock "00:00:38"]
[PlyCount "59"]
[WhiteFideId "16253477"]
[BlackFideId "16228081"]
[EventCountry "GER"]
[EventRounds "9"]
[EventType "swiss"]
[EventDate "2022.06.04"]

1. Nf3 {[%clk 1:30:24]} d5 2. c4 {[%clk 1:30:42]} c6 {[%clk 1:25:13]} 3. d4
{[%clk 1:30:40]} Nf6 {[%clk 1:25:21]} 4. Qc2 {[%clk 1:31:05]} g6 {[%clk
1:09:48]} 5. Bf4 {[%clk 1:30:42]} Bg7 {[%clk 1:04:36]} 6. e3 {[%clk 1:31:05]}
O-O {[%clk 1:02:17]} 7. Nc3 {[%clk 1:29:11]} Bf5 {[%clk 0:49:26]} 8. Qb3 {[%clk
1:29:35]} Qb6 {[%clk 0:49:21]} 9. c5 {[%clk 1:29:59]} Qxb3 {[%clk 0:48:42]} 10.
axb3 {[%clk 1:30:24]} Nbd7 {[%clk 0:47:39]} 11. h3 {[%clk 1:30:19]} Ne4 {[%clk
0:36:43]} 12. g4 {[%clk 1:15:21]} Nxc3 {[%clk 0:35:12]} 13. bxc3 {[%clk
1:09:54]} Be4 {[%clk 0:33:26]} 14. Bg2 {[%clk 1:10:14]} a6 {[%clk 0:20:08]} 15.
O-O {[%clk 1:08:37]} Rae8 {[%clk 0:17:46]} 16. Bc7 {[%clk 1:06:02]} Rc8 {[%clk
0:14:14]} 17. Bg3 {[%clk 1:04:38]} Rce8 {[%clk 0:11:25]} 18. Ra4 {[%clk
1:01:15]} Bd3 {[%clk 0:02:53]} 19. Rc1 {[%clk 0:55:33]} e5 {[%clk 0:01:10]} 20.
Ne1 {[%clk 0:54:11]} Bb5 {[%clk 0:01:00]} 21. Ra2 {[%clk 0:48:24]} exd4 {[%clk
0:01:04]} 22. c4 {[%clk 0:37:22]} dxe3 {[%clk 0:01:29]} 23. cxb5 {[%clk
0:37:48]} exf2+ {[%clk 0:00:53]} 24. Kxf2 {[%clk 0:34:29]} Bd4+ {[%clk
0:00:38]} 25. Kf1 {[%clk 0:34:54]} Nxc5 {[%clk 0:00:40]} 26. Bd6 {[%clk
0:33:10]} Rxe1+ {[%clk 0:00:32]} 27. Rxe1 {[%clk 0:33:23]} axb5 {[%clk
0:00:33]} 28. Bxf8 {[%clk 0:33:47]} Kxf8 {[%clk 0:01:00]} 29. Ra7 {[%clk
0:33:49]} Ne4 {[%clk 0:00:38]} 30. Ra8+ {[%clk 0:34:13]} 1-0

[Event "DEM U18 2022"]
[Site "Willingen GER"]
[Date "2022.06.10"]
[Round "8"]
[White "Chen, Qingzhi Alexander"]
[Black "Mankel, Luca"]
[Result "1/2-1/2"]
[Termination "normal"]
[Board "12"]
[WhiteElo "1879"]
[BlackElo "2010"]
[WhiteClock "00:04:29"]
[BlackClock "00:42:24"]
[PlyCount "76"]
[WhiteFideId "16241959"]
[BlackFideId "16253876"]
[EventCountry "GER"]
[EventRounds "9"]
[EventType "swiss"]
[EventDate "2022.06.04"]

1. e4 {[%clk 1:30:58]} c6 {[%clk 1:30:40]} 2. d4 {[%clk 1:31:25]} d5 {[%clk
1:31:06]} 3. Nc3 {[%clk 1:31:54]} dxe4 {[%clk 1:31:29]} 4. Nxe4 {[%clk
1:32:22]} Nf6 {[%clk 1:31:39]} 5. Nxf6+ {[%clk 1:32:50]} exf6 {[%clk 1:31:56]}
6. c3 {[%clk 1:33:17]} Bd6 {[%clk 1:30:20]} 7. Bd3 {[%clk 1:33:30]} O-O {[%clk
1:30:23]} 8. Ne2 {[%clk 1:33:58]} Re8 {[%clk 1:30:40]} 9. Qc2 {[%clk 1:33:50]}
h5 {[%clk 1:31:05]} 10. Be3 {[%clk 1:31:21]} Nd7 {[%clk 1:30:46]} 11. O-O-O
{[%clk 1:22:29]} b5 {[%clk 1:30:58]} 12. Ng3 {[%clk 1:22:01]} a5 {[%clk
1:18:44]} 13. d5 {[%clk 1:09:27]} c5 {[%clk 1:08:51]} 14. Bxb5 {[%clk 1:09:08]}
Ba6 {[%clk 1:09:01]} 15. Bxa6 {[%clk 1:01:23]} Rxa6 {[%clk 1:09:25]} 16. Ne4
{[%clk 0:55:45]} Bf8 {[%clk 1:07:58]} 17. c4 {[%clk 0:55:07]} a4 {[%clk
1:07:28]} 18. Nc3 {[%clk 0:48:45]} a3 {[%clk 1:07:47]} 19. b3 {[%clk 0:48:57]}
Rxe3 {[%clk 1:04:41]} 20. fxe3 {[%clk 0:48:13]} g6 {[%clk 1:04:45]} 21. e4
{[%clk 0:41:29]} Bh6+ {[%clk 1:02:07]} 22. Kb1 {[%clk 0:41:32]} Ne5 {[%clk
1:02:06]} 23. h3 {[%clk 0:40:34]} Qa5 {[%clk 0:59:38]} 24. d6 {[%clk 0:37:30]}
Nc6 {[%clk 0:55:42]} 25. Nd5 {[%clk 0:32:25]} Nd4 {[%clk 0:54:37]} 26. Rxd4
{[%clk 0:24:52]} cxd4 {[%clk 0:54:43]} 27. c5 {[%clk 0:23:34]} Kg7 {[%clk
0:54:19]} 28. Rd1 {[%clk 0:19:03]} f5 {[%clk 0:44:07]} 29. exf5 {[%clk
0:16:08]} Rxd6 {[%clk 0:44:18]} 30. Rxd4 {[%clk 0:14:34]} Rd8 {[%clk 0:43:46]}
31. fxg6 {[%clk 0:13:02]} Qe1+ {[%clk 0:42:25]} 32. Rd1 {[%clk 0:13:16]} Qe5
{[%clk 0:42:47]} 33. c6 {[%clk 0:09:39]} Rxd5 {[%clk 0:41:35]} 34. Rxd5 {[%clk
0:04:39]} Qxd5 {[%clk 0:41:46]} 35. c7 {[%clk 0:05:01]} Qe5 {[%clk 0:42:02]}
36. c8=Q {[%clk 0:04:02]} Qe1+ {[%clk 0:41:40]} 37. Qc1 {[%clk 0:04:27]} Bxc1
{[%clk 0:42:06]} 38. Qxc1 {[%clk 0:04:29]} Qe4+ {[%clk 0:42:24]} 1/2-1/2

[Event "DEM U18 2022"]
[Site "Willingen GER"]
[Date "2022.06.11"]
[Round "9"]
[White "Fromm, Marius"]
[Black "Musiolik, David"]
[Result "1-0"]
[Termination "normal"]
[Board "1"]
[WhiteTitle "FM"]
[WhiteElo "2336"]
[BlackElo "2217"]
[WhiteClock "01:09:14"]
[BlackClock "00:04:26"]
[PlyCount "125"]
[WhiteFideId "12993190"]
[BlackFideId "12972355"]
[EventCountry "GER"]
[EventRounds "9"]
[EventType "swiss"]
[EventDate "2022.06.04"]

1. e4 {[%clk 1:30:58]} e6 {[%clk 1:30:48]} 2. d4 {[%clk 1:31:24]} d5 {[%clk
1:31:09]} 3. Nc3 {[%clk 1:31:48]} Bb4 {[%clk 1:31:23]} 4. exd5 {[%clk 1:32:12]}
exd5 {[%clk 1:30:39]} 5. Bd3 {[%clk 1:32:35]} Nc6 {[%clk 1:26:11]} 6. Nf3
{[%clk 1:33:01]} Nge7 {[%clk 1:20:51]} 7. O-O {[%clk 1:33:22]} O-O {[%clk
1:19:01]} 8. h3 {[%clk 1:33:37]} Bf5 {[%clk 1:11:37]} 9. Ne2 {[%clk 1:33:57]}
Bd6 {[%clk 1:05:09]} 10. c3 {[%clk 1:34:21]} Qd7 {[%clk 0:58:49]} 11. Bf4
{[%clk 1:34:39]} a6 {[%clk 0:57:44]} 12. Bxd6 {[%clk 1:34:48]} Qxd6 {[%clk
0:57:07]} 13. Ng3 {[%clk 1:35:12]} Bxd3 {[%clk 0:55:19]} 14. Qxd3 {[%clk
1:35:41]} Rae8 {[%clk 0:50:57]} 15. Rfe1 {[%clk 1:35:53]} Ng6 {[%clk 0:49:40]}
16. Nf5 {[%clk 1:35:10]} Qf6 {[%clk 0:48:52]} 17. g3 {[%clk 1:35:22]} Re6
{[%clk 0:47:53]} 18. Kg2 {[%clk 1:34:52]} Rfe8 {[%clk 0:42:31]} 19. Ne3 {[%clk
1:32:21]} Nge7 {[%clk 0:38:12]} 20. h4 {[%clk 1:29:35]} Qg6 {[%clk 0:30:24]}
21. Qxg6 {[%clk 1:27:47]} hxg6 {[%clk 0:30:27]} 22. Ng5 {[%clk 1:27:36]} Rd6
{[%clk 0:29:55]} 23. Re2 {[%clk 1:26:28]} f6 {[%clk 0:27:34]} 24. Nh3 {[%clk
1:26:54]} Kf7 {[%clk 0:27:27]} 25. Rae1 {[%clk 1:27:14]} Nd8 {[%clk 0:26:54]}
26. Nf4 {[%clk 1:27:01]} Ne6 {[%clk 0:25:22]} 27. Nd3 {[%clk 1:25:58]} b6
{[%clk 0:24:42]} 28. b4 {[%clk 1:16:07]} Rc6 {[%clk 0:20:44]} 29. Nd1 {[%clk
1:16:33]} Nf5 {[%clk 0:20:00]} 30. a4 {[%clk 1:15:01]} Nd6 {[%clk 0:18:44]} 31.
f3 {[%clk 1:15:21]} g5 {[%clk 0:05:13]} 32. hxg5 {[%clk 1:14:01]} Nxg5 {[%clk
0:03:39]} 33. Nf4 {[%clk 1:14:25]} Rxe2+ {[%clk 0:01:30]} 34. Rxe2 {[%clk
1:14:54]} a5 {[%clk 0:01:14]} 35. bxa5 {[%clk 1:14:27]} bxa5 {[%clk 0:01:22]}
36. Nxd5 {[%clk 1:14:53]} Ne6 {[%clk 0:01:09]} 37. Nb2 {[%clk 1:08:44]} Nc4
{[%clk 0:00:55]} 38. Kf2 {[%clk 1:09:04]} Nxb2 {[%clk 0:00:43]} 39. Rxb2 {[%clk
1:09:32]} Rc4 {[%clk 0:00:48]} 40. Rb7 {[%clk 1:09:30]} Kf8 {[%clk 0:00:36]}
41. Ke2 {[%clk 0:59:44]} c6 {[%clk 0:24:36]} 42. Nc7 {[%clk 1:30:08]} Nd8
{[%clk 0:23:45]} 43. Kd3 {[%clk 1:26:30]} Rxa4 {[%clk 0:20:58]} 44. Ra7 {[%clk
1:26:51]} Ra1 {[%clk 0:18:43]} 45. Kc4 {[%clk 1:25:23]} a4 {[%clk 0:15:06]} 46.
Kc5 {[%clk 1:23:22]} Ke7 {[%clk 0:12:38]} 47. c4 {[%clk 1:18:45]} a3 {[%clk
0:10:35]} 48. f4 {[%clk 1:09:13]} a2 {[%clk 0:08:26]} 49. f5 {[%clk 1:08:54]}
Rf1 {[%clk 0:05:39]} 50. Ne6+ {[%clk 1:08:42]} Ke8 {[%clk 0:06:04]} 51. Rxa2
{[%clk 1:08:51]} Rxf5+ {[%clk 0:05:38]} 52. Kd6 {[%clk 1:09:17]} Nf7+ {[%clk
0:05:05]} 53. Kxc6 {[%clk 1:09:41]} Ke7 {[%clk 0:03:47]} 54. Ra7+ {[%clk
1:06:32]} Kxe6 {[%clk 0:04:11]} 55. d5+ {[%clk 1:06:50]} Ke5 {[%clk 0:04:35]}
56. Rxf7 {[%clk 1:07:16]} Kd4 {[%clk 0:03:37]} 57. d6 {[%clk 1:07:41]} Kxc4
{[%clk 0:02:32]} 58. d7 {[%clk 1:08:00]} Rc5+ {[%clk 0:02:55]} 59. Kd6 {[%clk
1:08:19]} Rd5+ {[%clk 0:03:14]} 60. Ke7 {[%clk 1:08:42]} Re5+ {[%clk 0:03:35]}
61. Kf8 {[%clk 1:08:31]} Rd5 {[%clk 0:04:00]} 62. Ke8 {[%clk 1:08:48]} Re5+
{[%clk 0:04:26]} 63. Re7 {[%clk 1:09:14]} 1-0

[Event "DEM U18 2022"]
[Site "Willingen GER"]
[Date "2022.06.11"]
[Round "9"]
[White "Colbow, Collin"]
[Black "Dahl, Christoph"]
[Result "1-0"]
[Termination "normal"]
[Board "2"]
[WhiteTitle "FM"]
[BlackTitle "FM"]
[WhiteElo "2345"]
[BlackElo "2351"]
[WhiteClock "00:02:16"]
[BlackClock "00:32:38"]
[PlyCount "73"]
[WhiteFideId "16201132"]
[BlackFideId "16240235"]
[EventCountry "GER"]
[EventRounds "9"]
[EventType "swiss"]
[EventDate "2022.06.04"]

1. e4 {[%clk 1:30:49]} c5 {[%clk 1:30:41]} 2. Nf3 {[%clk 1:31:00]} d6 {[%clk
1:30:37]} 3. d4 {[%clk 1:31:23]} cxd4 {[%clk 1:30:44]} 4. Nxd4 {[%clk 1:31:48]}
Nf6 {[%clk 1:30:38]} 5. Nc3 {[%clk 1:32:12]} a6 {[%clk 1:30:34]} 6. Bg5 {[%clk
1:32:29]} Nbd7 {[%clk 1:30:04]} 7. g3 {[%clk 1:32:53]} e6 {[%clk 1:27:53]} 8.
Qe2 {[%clk 1:32:51]} Qc7 {[%clk 1:26:56]} 9. Bg2 {[%clk 1:29:44]} h6 {[%clk
1:24:12]} 10. Bxf6 {[%clk 1:29:21]} Nxf6 {[%clk 1:24:36]} 11. O-O-O {[%clk
1:29:05]} Be7 {[%clk 1:24:13]} 12. f4 {[%clk 1:28:36]} O-O {[%clk 1:22:20]} 13.
Kb1 {[%clk 1:17:19]} Bd7 {[%clk 1:18:30]} 14. h4 {[%clk 1:09:56]} e5 {[%clk
1:11:27]} 15. Nf5 {[%clk 1:01:27]} Bxf5 {[%clk 1:11:49]} 16. exf5 {[%clk
1:01:39]} exf4 {[%clk 1:11:39]} 17. g4 {[%clk 1:00:23]} Rfe8 {[%clk 1:07:46]}
18. g5 {[%clk 0:56:56]} Bf8 {[%clk 1:06:22]} 19. Qf3 {[%clk 0:52:42]} Nd7
{[%clk 0:59:29]} 20. gxh6 {[%clk 0:30:26]} gxh6 {[%clk 0:58:40]} 21. Rhg1
{[%clk 0:28:02]} Bg7 {[%clk 0:58:07]} 22. Bh1 {[%clk 0:24:33]} Kh7 {[%clk
0:42:00]} 23. Nd5 {[%clk 0:23:14]} Qd8 {[%clk 0:40:37]} 24. Rxg7+ {[%clk
0:09:03]} Kxg7 {[%clk 0:41:01]} 25. Qg4+ {[%clk 0:08:37]} Kh8 {[%clk 0:34:16]}
26. Qh5 {[%clk 0:08:23]} Kh7 {[%clk 0:34:26]} 27. Qxf7+ {[%clk 0:03:53]} Kh8
{[%clk 0:34:48]} 28. f6 {[%clk 0:00:40]} Rg8 {[%clk 0:33:37]} 29. Be4 {[%clk
0:00:45]} Nxf6 {[%clk 0:33:45]} 30. Nxf6 {[%clk 0:00:54]} Rg7 {[%clk 0:34:10]}
31. Qe6 {[%clk 0:01:10]} Qe7 {[%clk 0:33:57]} 32. Qxe7 {[%clk 0:01:00]} Rxe7
{[%clk 0:34:23]} 33. Rxd6 {[%clk 0:01:12]} Rf8 {[%clk 0:33:32]} 34. Kc1 {[%clk
0:01:35]} f3 {[%clk 0:33:29]} 35. Bxf3 {[%clk 0:01:27]} Ref7 {[%clk 0:32:14]}
36. Nd7 {[%clk 0:01:56]} Rd8 {[%clk 0:32:38]} 37. Ne5 {[%clk 0:02:16]} 1-0

[Event "DEM U18 2022"]
[Site "Willingen GER"]
[Date "2022.06.11"]
[Round "9"]
[White "Kölle, Tobias"]
[Black "Pubantz, Jan"]
[Result "1/2-1/2"]
[Termination "normal"]
[Board "3"]
[WhiteTitle "FM"]
[WhiteElo "2443"]
[BlackElo "2260"]
[WhiteClock "00:39:32"]
[BlackClock "00:10:14"]
[PlyCount "128"]
[WhiteFideId "16207378"]
[BlackFideId "12996114"]
[EventCountry "GER"]
[EventRounds "9"]
[EventType "swiss"]
[EventDate "2022.06.04"]

1. d4 {[%clk 1:30:57]} d5 {[%clk 1:30:57]} 2. c4 {[%clk 1:31:24]} c6 {[%clk
1:31:24]} 3. Nf3 {[%clk 1:31:50]} Nf6 {[%clk 1:31:50]} 4. Nc3 {[%clk 1:32:15]}
e6 {[%clk 1:32:02]} 5. Bg5 {[%clk 1:32:40]} dxc4 {[%clk 1:31:15]} 6. a4 {[%clk
1:33:03]} Bb4 {[%clk 1:30:42]} 7. e4 {[%clk 1:31:55]} Qa5 {[%clk 1:30:10]} 8.
Bd2 {[%clk 1:28:11]} c5 {[%clk 1:29:43]} 9. Bxc4 {[%clk 1:22:02]} cxd4 {[%clk
1:27:58]} 10. Nxd4 {[%clk 1:20:22]} O-O {[%clk 1:26:22]} 11. Nb3 {[%clk
1:17:32]} Qc7 {[%clk 1:24:01]} 12. Qe2 {[%clk 1:08:09]} Nc6 {[%clk 1:19:40]}
13. O-O {[%clk 1:00:16]} Ne5 {[%clk 1:06:49]} 14. Nb5 {[%clk 0:56:24]} Qe7
{[%clk 1:04:42]} 15. Bg5 {[%clk 0:50:05]} Bd7 {[%clk 0:56:30]} 16. Bd3 {[%clk
0:45:13]} Nxd3 {[%clk 0:40:56]} 17. Qxd3 {[%clk 0:45:41]} Bc6 {[%clk 0:40:15]}
18. Qe3 {[%clk 0:34:55]} h6 {[%clk 0:27:05]} 19. Bxf6 {[%clk 0:34:59]} Qxf6
{[%clk 0:27:28]} 20. Nxa7 {[%clk 0:34:45]} Qxb2 {[%clk 0:21:32]} 21. Nxc6
{[%clk 0:34:38]} bxc6 {[%clk 0:21:59]} 22. a5 {[%clk 0:28:30]} Rfc8 {[%clk
0:19:01]} 23. Rfc1 {[%clk 0:22:49]} Qe5 {[%clk 0:14:36]} 24. a6 {[%clk
0:21:12]} Qb5 {[%clk 0:11:32]} 25. Nd4 {[%clk 0:09:14]} Qb6 {[%clk 0:09:42]}
26. Nc2 {[%clk 0:08:18]} Qxe3 {[%clk 0:05:55]} 27. Nxe3 {[%clk 0:08:47]} c5
{[%clk 0:04:47]} 28. Ra4 {[%clk 0:07:43]} Bd2 {[%clk 0:02:02]} 29. Rc2 {[%clk
0:06:44]} Bxe3 {[%clk 0:01:52]} 30. fxe3 {[%clk 0:07:10]} Ra7 {[%clk 0:01:52]}
31. Kf2 {[%clk 0:07:25]} Rc6 {[%clk 0:02:00]} 32. Kf3 {[%clk 0:07:27]} Kf8
{[%clk 0:01:32]} 33. Ra5 {[%clk 0:07:23]} c4 {[%clk 0:01:33]} 34. Ra4 {[%clk
0:07:51]} c3 {[%clk 0:01:48]} 35. Ra3 {[%clk 0:08:17]} Raxa6 {[%clk 0:01:32]}
36. Rxa6 {[%clk 0:08:43]} Rxa6 {[%clk 0:01:57]} 37. Rxc3 {[%clk 0:09:11]} g6
{[%clk 0:01:18]} 38. Rc7 {[%clk 0:09:23]} Ra5 {[%clk 0:01:34]} 39. h3 {[%clk
0:09:32]} Kg7 {[%clk 0:01:37]} 40. Rb7 {[%clk 0:09:48]} Kf6 {[%clk 0:01:36]}
41. Rc7 {[%clk 0:09:44]} Ra1 {[%clk 0:27:02]} 42. Kf2 {[%clk 0:39:26]} Ra5
{[%clk 0:26:02]} 43. Kf3 {[%clk 0:39:51]} h5 {[%clk 0:24:08]} 44. h4 {[%clk
0:38:29]} Ra1 {[%clk 0:23:40]} 45. Kf2 {[%clk 0:38:07]} Rh1 {[%clk 0:19:40]}
46. g3 {[%clk 0:37:58]} Ra1 {[%clk 0:18:34]} 47. Rb7 {[%clk 0:37:55]} Ra5
{[%clk 0:18:13]} 48. Kf3 {[%clk 0:38:08]} Ra3 {[%clk 0:13:08]} 49. Rc7 {[%clk
0:38:20]} Ra4 {[%clk 0:12:46]} 50. Rb7 {[%clk 0:38:39]} Kg7 {[%clk 0:12:44]}
51. Rc7 {[%clk 0:38:55]} Ra1 {[%clk 0:12:06]} 52. Rb7 {[%clk 0:38:38]} Kh6
{[%clk 0:12:06]} 53. Kf2 {[%clk 0:38:44]} Kg7 {[%clk 0:11:53]} 54. Kf3 {[%clk
0:39:09]} Ra5 {[%clk 0:11:08]} 55. Rc7 {[%clk 0:39:22]} g5 {[%clk 0:11:17]} 56.
hxg5 {[%clk 0:39:46]} Rxg5 {[%clk 0:11:44]} 57. Ra7 {[%clk 0:39:58]} Rg6 {[%clk
0:11:37]} 58. Rb7 {[%clk 0:39:42]} Rf6+ {[%clk 0:11:56]} 59. Kg2 {[%clk
0:39:53]} Kg6 {[%clk 0:11:52]} 60. Rb5 {[%clk 0:39:51]} Kh6 {[%clk 0:11:33]}
61. Ra5 {[%clk 0:39:54]} Rg6 {[%clk 0:11:09]} 62. Kf3 {[%clk 0:39:56]} Rg5
{[%clk 0:10:46]} 63. Ra8 {[%clk 0:39:54]} Kg7 {[%clk 0:10:33]} 64. Ra1 {[%clk
0:39:32]} Kf6 {[%clk 0:10:14]} 1/2-1/2

[Event "DEM U18 2022"]
[Site "Willingen GER"]
[Date "2022.06.11"]
[Round "9"]
[White "Weishäutel, Moritz"]
[Black "Dobrikov, Marco"]
[Result "1-0"]
[Termination "normal"]
[Board "4"]
[WhiteTitle "FM"]
[BlackTitle "FM"]
[WhiteElo "2407"]
[BlackElo "2234"]
[WhiteClock "00:53:36"]
[BlackClock "00:53:32"]
[PlyCount "49"]
[WhiteFideId "12967300"]
[BlackFideId "12950378"]
[EventCountry "GER"]
[EventRounds "9"]
[EventType "swiss"]
[EventDate "2022.06.04"]

1. e4 {[%clk 1:30:58]} c5 {[%clk 1:30:57]} 2. Nf3 {[%clk 1:31:24]} d6 {[%clk
1:31:24]} 3. d4 {[%clk 1:31:50]} cxd4 {[%clk 1:31:52]} 4. Nxd4 {[%clk 1:32:15]}
Nf6 {[%clk 1:32:20]} 5. Nc3 {[%clk 1:32:40]} Nc6 {[%clk 1:32:48]} 6. Bg5 {[%clk
1:32:47]} e6 {[%clk 1:33:09]} 7. Qd3 {[%clk 1:32:53]} a6 {[%clk 1:31:42]} 8.
Nxc6 {[%clk 1:32:16]} bxc6 {[%clk 1:32:10]} 9. O-O-O {[%clk 1:32:37]} Be7
{[%clk 1:28:29]} 10. Qg3 {[%clk 1:24:49]} Qc7 {[%clk 1:21:55]} 11. Bxf6 {[%clk
1:17:10]} gxf6 {[%clk 1:21:53]} 12. Qg7 {[%clk 1:17:26]} Rf8 {[%clk 1:22:18]}
13. Bc4 {[%clk 1:16:30]} Rb8 {[%clk 1:19:22]} 14. Bb3 {[%clk 1:11:15]} Bd7
{[%clk 1:10:21]} 15. Rhe1 {[%clk 0:59:47]} c5 {[%clk 0:52:18]} 16. Nd5 {[%clk
0:57:41]} exd5 {[%clk 0:52:33]} 17. exd5 {[%clk 0:58:06]} c4 {[%clk 0:50:52]}
18. Rxe7+ {[%clk 0:55:14]} Kxe7 {[%clk 0:51:21]} 19. Re1+ {[%clk 0:55:36]} Be6
{[%clk 0:51:50]} 20. Rxe6+ {[%clk 0:52:17]} Kd7 {[%clk 0:52:16]} 21. Ba4+
{[%clk 0:52:41]} Kc8 {[%clk 0:52:33]} 22. Qxf8+ {[%clk 0:52:44]} Kb7 {[%clk
0:53:02]} 23. Re8 {[%clk 0:53:03]} Rxe8 {[%clk 0:53:06]} 24. Qxe8 {[%clk
0:53:26]} Qa5 {[%clk 0:53:32]} 25. Bc6+ {[%clk 0:53:36]} 1-0

[Event "DEM U18 2022"]
[Site "Willingen GER"]
[Date "2022.06.11"]
[Round "9"]
[White "Jeschke, Jan"]
[Black "Zackrisson, Peter"]
[Result "1/2-1/2"]
[Termination "normal"]
[Board "5"]
[WhiteElo "2125"]
[BlackElo "2020"]
[WhiteClock "00:31:43"]
[BlackClock "00:46:50"]
[PlyCount "45"]
[WhiteFideId "16225430"]
[BlackFideId "16282078"]
[EventCountry "GER"]
[EventRounds "9"]
[EventType "swiss"]
[EventDate "2022.06.04"]

1. e4 {[%clk 1:30:55]} c5 {[%clk 1:30:50]} 2. d4 {[%clk 1:31:06]} cxd4 {[%clk
1:31:12]} 3. c3 {[%clk 1:31:33]} dxc3 {[%clk 1:31:16]} 4. Nxc3 {[%clk 1:31:58]}
Nc6 {[%clk 1:31:32]} 5. Nf3 {[%clk 1:32:24]} e6 {[%clk 1:31:52]} 6. Bc4 {[%clk
1:32:49]} Bb4 {[%clk 1:32:09]} 7. O-O {[%clk 1:32:39]} Nge7 {[%clk 1:32:21]} 8.
Nb5 {[%clk 1:17:03]} d5 {[%clk 1:30:37]} 9. exd5 {[%clk 1:03:22]} exd5 {[%clk
1:30:28]} 10. Bxd5 {[%clk 1:00:22]} Nxd5 {[%clk 1:30:31]} 11. Qxd5 {[%clk
1:00:28]} O-O {[%clk 1:30:53]} 12. Rd1 {[%clk 0:50:42]} Bg4 {[%clk 1:21:31]}
13. Be3 {[%clk 0:46:25]} Qxd5 {[%clk 1:14:01]} 14. Rxd5 {[%clk 0:46:50]} Bxf3
{[%clk 1:13:49]} 15. gxf3 {[%clk 0:47:17]} a6 {[%clk 1:13:36]} 16. Nd4 {[%clk
0:45:42]} Rac8 {[%clk 0:58:58]} 17. Nxc6 {[%clk 0:44:25]} Rxc6 {[%clk 0:59:08]}
18. a3 {[%clk 0:44:49]} Bd6 {[%clk 0:54:00]} 19. Rad1 {[%clk 0:44:52]} Bc7
{[%clk 0:53:13]} 20. a4 {[%clk 0:34:24]} Bb6 {[%clk 0:50:00]} 21. R1d3 {[%clk
0:33:38]} Bxe3 {[%clk 0:47:58]} 22. Rxe3 {[%clk 0:34:03]} Rc7 {[%clk 0:46:50]}
23. Red3 {[%clk 0:31:43]} 1/2-1/2

[Event "DEM U18 2022"]
[Site "Willingen GER"]
[Date "2022.06.11"]
[Round "9"]
[White "Leonard, Timo"]
[Black "von Mettenheim, Johannes"]
[Result "1-0"]
[Termination "normal"]
[Board "6"]
[WhiteElo "2018"]
[BlackElo "2219"]
[WhiteClock "00:05:12"]
[BlackClock "00:03:40"]
[PlyCount "117"]
[WhiteFideId "16208757"]
[BlackFideId "16244818"]
[EventCountry "GER"]
[EventRounds "9"]
[EventType "swiss"]
[EventDate "2022.06.04"]

1. d4 {[%clk 1:30:58]} Nf6 {[%clk 1:30:54]} 2. c4 {[%clk 1:31:26]} e6 {[%clk
1:31:16]} 3. Nc3 {[%clk 1:31:52]} Bb4 {[%clk 1:31:37]} 4. Bd2 {[%clk 1:32:17]}
O-O {[%clk 1:29:49]} 5. Nf3 {[%clk 1:32:21]} d5 {[%clk 1:28:44]} 6. e3 {[%clk
1:32:25]} Nbd7 {[%clk 1:26:43]} 7. Rc1 {[%clk 1:31:56]} a6 {[%clk 1:21:36]} 8.
c5 {[%clk 1:26:42]} c6 {[%clk 1:19:40]} 9. Bd3 {[%clk 1:11:34]} Qe7 {[%clk
1:13:59]} 10. a3 {[%clk 0:59:36]} Ba5 {[%clk 1:13:55]} 11. b4 {[%clk 0:55:35]}
Bc7 {[%clk 1:13:59]} 12. O-O {[%clk 0:49:34]} e5 {[%clk 1:13:03]} 13. dxe5
{[%clk 0:48:22]} Ng4 {[%clk 1:06:47]} 14. Bb1 {[%clk 0:42:11]} Ndxe5 {[%clk
1:03:06]} 15. Nxe5 {[%clk 0:37:51]} Nxe5 {[%clk 1:00:57]} 16. Ne2 {[%clk
0:32:00]} Qh4 {[%clk 0:48:40]} 17. f4 {[%clk 0:30:49]} Nc4 {[%clk 0:48:20]} 18.
Rxc4 {[%clk 0:27:10]} dxc4 {[%clk 0:48:43]} 19. Nd4 {[%clk 0:27:20]} Be6 {[%clk
0:34:26]} 20. Qc2 {[%clk 0:25:39]} Rad8 {[%clk 0:32:02]} 21. Bc3 {[%clk
0:24:06]} Rfe8 {[%clk 0:31:08]} 22. Rf3 {[%clk 0:22:57]} Bg4 {[%clk 0:25:53]}
23. Rg3 {[%clk 0:17:37]} g6 {[%clk 0:22:30]} 24. Nf3 {[%clk 0:14:13]} Qh5
{[%clk 0:20:31]} 25. h3 {[%clk 0:05:46]} Bxf3 {[%clk 0:14:15]} 26. Rxf3 {[%clk
0:06:13]} Qd5 {[%clk 0:12:24]} 27. Bd4 {[%clk 0:06:23]} Rd7 {[%clk 0:09:57]}
28. Ba2 {[%clk 0:06:26]} Qe4 {[%clk 0:09:06]} 29. Qxc4 {[%clk 0:06:45]} Bd8
{[%clk 0:09:24]} 30. Qc3 {[%clk 0:05:23]} Be7 {[%clk 0:08:39]} 31. f5 {[%clk
0:04:35]} Bg5 {[%clk 0:08:38]} 32. fxg6 {[%clk 0:03:38]} hxg6 {[%clk 0:08:58]}
33. Qb3 {[%clk 0:03:00]} Ree7 {[%clk 0:08:10]} 34. Qc3 {[%clk 0:02:16]} Kh7
{[%clk 0:06:27]} 35. Kh2 {[%clk 0:02:21]} Bh6 {[%clk 0:06:10]} 36. Kh1 {[%clk
0:01:25]} f5 {[%clk 0:05:15]} 37. Qb3 {[%clk 0:01:33]} Re8 {[%clk 0:05:37]} 38.
Bb1 {[%clk 0:01:30]} Qd5 {[%clk 0:05:25]} 39. Qc2 {[%clk 0:01:32]} Bg7 {[%clk
0:04:40]} 40. Rf4 {[%clk 0:00:33]} Bxd4 {[%clk 0:03:49]} 41. Rxd4 {[%clk
0:20:16]} Qf7 {[%clk 0:33:46]} 42. Rh4+ {[%clk 0:18:46]} Kg7 {[%clk 0:12:41]}
43. Qc3+ {[%clk 0:19:03]} Kf8 {[%clk 0:12:31]} 44. Rh8+ {[%clk 0:07:15]} Ke7
{[%clk 0:12:53]} 45. Ba2 {[%clk 0:05:39]} Rd5 {[%clk 0:11:36]} 46. Bxd5 {[%clk
0:06:02]} cxd5 {[%clk 0:10:04]} 47. Qe5+ {[%clk 0:06:04]} Kd7 {[%clk 0:10:29]}
48. Rxe8 {[%clk 0:05:51]} Qxe8 {[%clk 0:10:54]} 49. Qxd5+ {[%clk 0:05:26]} Kc8
{[%clk 0:10:40]} 50. Qb3 {[%clk 0:05:21]} Kb8 {[%clk 0:09:20]} 51. a4 {[%clk
0:05:36]} g5 {[%clk 0:09:03]} 52. b5 {[%clk 0:04:23]} axb5 {[%clk 0:09:19]} 53.
axb5 {[%clk 0:04:45]} g4 {[%clk 0:03:06]} 54. Qd3 {[%clk 0:04:39]} Qf7 {[%clk
0:02:16]} 55. Qd8+ {[%clk 0:04:41]} Ka7 {[%clk 0:02:41]} 56. Qb6+ {[%clk
0:04:56]} Ka8 {[%clk 0:03:05]} 57. c6 {[%clk 0:05:05]} bxc6 {[%clk 0:03:28]}
58. bxc6 {[%clk 0:05:18]} gxh3 {[%clk 0:03:40]} 59. Qd8+ {[%clk 0:05:12]} 1-0